| 000 | 00000nam 2200000za 4500 |
| 001 | 9.827377 |
| 003 | CaOODSP |
| 005 | 20221107144807 |
| 007 | cr ||||||||||| |
| 008 | 161110q2009 onc #o f000 0 fre d |
| 040 | |aCaOODSP|bfre |
| 043 | |an-cn--- |
| 086 | 1 |aSG5-85/2009F-PDF |
| 245 | 00|aComment remplir le formulaire de relevé d'emploi (RE) |h[ressource électronique]. |
| 260 | |a[Ottawa] : |bService Canada, |c[2009]. |
| 300 | |a8 p. |
| 500 | |aPubli. aussi en anglais sous le titre: How to complete the Record of Employment (ROE) form. |
| 500 | |aEn tête du titre: Assurance-emploi. |
| 520 | |a« Un RE doit être émis même si l’employé n’a pas l’intention de présenter une demande de prestations. Ce guide remplace le guide IN-216-01-08F : Comment compléter le formulaire de relevé d’emploi (RE). »--p. 1. |
| 692 | 07|2gccst|aRelevé d'emploi |
| 692 | 07|2gccst|aAssurance-emploi |
| 710 | 1 |aCanada. |bService Canada. |
| 775 | 08|tHow to complete the Record of Employment (ROE) form |w(CaOODSP)9.827375 |
| 856 | 40|qPDF|s372 Ko|uhttps://publications.gc.ca/collections/collection_2016/servcan/SG5-85-2009-fra.pdf |